00929 2200325 4500001002100000005001500021035002000036007000300056040001700059100003600076245008500112250001100197300003000208504002500238020002200263041000800285082001000293084001600303090001800319264003400337336002100371337003000392338002300422650001500445700004000460850001000500008004100510500003000551990002200581INLIS00000000001340220260415121229 a0010-0725000161ta aSBPUPADbind0 aMuhammad Sukri SubkiePengarang1 aMenyelesaikan Sengketa Melalui Pengadilan Pajak /cMuhammad Sukri Subki, Djumadi aCet. 1 axv, 145 hlm ;c14 x 21 cm aBibliografi, hlm 135 a978-979-27-0684-0 aind a336.2 a336.2 MUH m a899.221 BAI d aJakarta :bPT Gramedia,c2007 2rdacontentaTeks 2rdamediaatanpa perantara 2rdacarrieravolume 4aPerpajakan aPengarang Kedua: DjumadiePengarang aPUPAD260415 0  aBiografi penulis, hlm 143 a39.198/S/DPK/2025